UM Logo

Management information systems/ (Record no. 14256)

MARC details
000 -LEADER
fixed length control field 00568nam a22001697a 4500
008 - FIXED-LENGTH DATA ELEMENTS--GENERAL INFORMATION
fixed length control field 190906b ||||| |||| 00| 0 eng d
020 ## - INTERNATIONAL STANDARD BOOK NUMBER
International Standard Book Number 978-1-77361-303-1
082 ## - DEWEY DECIMAL CLASSIFICATION NUMBER
Edition number 2018
Classification number DC 658.4038
Item number M311
245 ## - TITLE STATEMENT
Title Management information systems/
Statement of responsibility, etc. edited by Isaack Onyango.
260 ## - PUBLICATION, DISTRIBUTION, ETC. (IMPRINT)
Place of publication, distribution, etc. Oakville, Canada:
Name of publisher, distributor, etc. Society Publishing,
Date of publication, distribution, etc. ©2018.
300 ## - PHYSICAL DESCRIPTION
Extent xix, 293 pages:
Other physical details illustrations;
Dimensions 24 cm
500 ## - GENERAL NOTE
General note Includes references.
650 ## - SUBJECT ADDED ENTRY--TOPICAL TERM
Topical term or geographic name as entry element Management information systems
9 (RLIN) 39429
700 ## - ADDED ENTRY--PERSONAL NAME
Personal name Onyango, Isaack
Relator term Editor
9 (RLIN) 39430
365 ## - TRADE PRICE
Price amount 5,850.00
Currency code Php
942 ## - ADDED ENTRY ELEMENTS (KOHA)
Source of classification or shelving scheme Dewey Decimal Classification
Koha item type Circulation
Holdings
Withdrawn status Lost status Source of classification or shelving scheme Damaged status Not for loan Collection code Home library Current library Shelving location Date acquired Source of acquisition Cost, normal purchase price Total Checkouts Full call number Barcode Date last seen Date last checked out Copy number Price effective from Koha item type
    Dewey Decimal Classification     Circulation UM Digos College - LIC UM Digos College - LIC Book Cart 08/08/2019 Purchased 5850.00 8 DC 658.4038 M311 2018 25504 04/17/2026 04/08/2026 1 09/06/2019 Circulation